|
|
|
|
| LEADER |
01355nam a22003738a 4500 |
| 001 |
c000415086 |
| 003 |
CARM |
| 005 |
00000000000000.0 |
| 008 |
941024s1995 nyu j b 00100beng |
| 010 |
|
|
|a 94023326 /AC
|
| 019 |
1 |
|
|a 11233576
|
| 020 |
|
|
|a 079102878X (pbk.)
|
| 020 |
|
|
|a 0791023036
|
| 040 |
|
|
|a VDU
|c VDU
|
| 043 |
|
|
|a n-us---
|
| 050 |
0 |
0 |
|a GV994.N38
|b Z94 1995
|
| 082 |
0 |
4 |
|a 796.342
|
| 100 |
1 |
|
|a Zwerman, Gilda.
|
| 245 |
1 |
0 |
|a Martina Navratilova /
|c Gilda Zwerman ; Martin Duberman, general editor.
|
| 260 |
|
|
|a New York :
|b Chelsea House Publishers,
|c c1995.
|
| 300 |
|
|
|a 167 p.
|
| 490 |
0 |
|
|a Lives of notable gay men and lesbians.
|
| 504 |
|
|
|a Includes bibliographical references and index.
|
| 600 |
1 |
0 |
|a Navratilova, Martina,
|d 1956-
|x Juvenile literature.
|
| 600 |
1 |
1 |
|a Navratilova, Martina,
|d 1956-
|
| 650 |
|
0 |
|a Tennis players
|z United States
|x Biography
|x Juvenile literature.
|
| 650 |
|
0 |
|a Lesbians
|z United States
|x Biography
|x Juvenile literature.
|
| 650 |
|
1 |
|a Tennis players.
|
| 650 |
|
1 |
|a Lesbians
|x Biography.
|
| 650 |
|
1 |
|a Women
|x Biography.
|
| 700 |
1 |
|
|a Duberman, Martin B.
|
| 852 |
8 |
|
|b CARM
|h A3:AG05E0
|i C12756
|p 0568105
|f BK
|
| 999 |
f |
f |
|i 61aa6d7e-1a87-50e3-9cc6-506634a43f93
|s 815160ef-c912-565b-9954-0b0f4f5a9b6b
|
| 952 |
f |
f |
|p Can circulate
|a CAVAL
|b CAVAL
|c CAVAL
|d CARM 1 Store
|e C12756
|f A3:AG05E0
|h Other scheme
|i book
|m 0568105
|